000 00318nam a22001337a 4500
003 OSt
008 240123b |||||||| |||| 00| 0 eng d
020 _a9789352763160
100 _aDOSTOEVSKY,Fyodor
245 _aCrime and Punishment
260 _aUP
_bOm Books International
_c2018
300 _a501
942 _2ddc
_cBK
999 _c12185
_d12185